LexisNexis the company law manual 1927-2012 (Record no. 84083)

MARC details
000 -LEADER
fixed length control field 00882nam a22002177a 4500
005 - DATE AND TIME OF LATEST TRANSACTION
control field 20140722115531.0
010 ## - LCCN (DPL NO)
LC control number ENG-109945-109946
020 ## - INTERNATIONAL STANDARD BOOK NUMBER
Terms of availability 3295.00 (set of 2 vols.)
International Standard Book Number 9788180388033 (set)
020 ## - INTERNATIONAL STANDARD BOOK NUMBER
Terms of availability 3295.00 (set of 2 vol.)
International Standard Book Number 9788180388040 (V.I)
020 ## - INTERNATIONAL STANDARD BOOK NUMBER
Terms of availability 3295.00 (set of 2 vols.)
International Standard Book Number 9788180388057 (V.II)
035 ## - SYSTEM CONTROL NUMBER
System control number EN-93478-93479
037 ## - SOURCE OF ACQUISITION
Source of stock number/acquisition DBAD/PUB
082 ## - DEWEY DECIMAL CLASSIFICATION NUMBER
Classification number 346.54066
245 00 - TITLE STATEMENT
Title LexisNexis the company law manual 1927-2012
260 ## - PUBLICATION, DISTRIBUTION, ETC. (IMPRINT)
Place of publication, distribution, etc Gurgaon
Name of publisher, distributor, etc Lexis Nexis
Date of publication, distribution, etc 2012
270 ## - ADDRESS
Address 14th Floor, Bldg. No.10, Tower-B, DLF Cyber City, Phase-II
City Gurgaon
Postal code 122002
300 ## - PHYSICAL DESCRIPTION
Extent 2V.(cccx,1370,38p.; cclii,1371-2702,38p.)
Dimensions 26cm(Hb)
500 ## - GENERAL NOTE
General note Includes index
505 ## - FORMATTED CONTENTS NOTE
Formatted contents note V.I-The companies act, 1956, sections 1 to 424L<br/>V.II-The companies act, 1956, sections 425 to 658 and schedules and rules.
942 ## - ADDED ENTRY ELEMENTS (KOHA)
Source of classification or shelving scheme Dewey Decimal Classification
Item type English Books
Call number suffix LEX
Classification part 346.54066
Holdings
Withdrawn status Lost status Materials specified (bound volume or other part) Not for loan Collection code Home library Current library Date acquired Source of acquisition Cost, normal purchase price Full call number Barcode Copy number Cost, replacement price Koha item type
    v.1 Not For Loan Non-fiction D.B.Act.Division D.B.Act.Division 08/05/2014 DBAD / PUB 3295.00 346.54066 LEX EN-93478 1 3295.00 English Books
    v.2 Not For Loan Non-fiction D.B.Act.Division D.B.Act.Division 08/05/2014 DBAD / PUB 3295.00 346.54066 LEX EN-93479 1 3295.00 English Books

© Delhi Public Library
Hit Counter
free hit counter